01256nam a2200325 a 4500001001000000003000500010005001700015008004100032010001100073011001100084040000900095090001000104100004200114245013500156260004100291500006000332502007500392590002700467590002700494590002700521650005400548650003600602650004000638856007000678901000700748942001500755942001100770999001900781952013000800000114785CHAP20220519155828.0180413s2018 mx sm |||||||spa d a111246 a112218 cCHAP aTesis1 aNavarrete Parra, Juan Antonio913510610aAdición de proteasas protegidas en dietas para cerdos en crecimiento-finalizaciónh[En línea]cJuan Antonio Navarrete Parra. aChapingo, Méx. :bEl autor,c2018. aPara ver el contenido del material haga clic en la liga aTesis (Ing. Agr. Esp. en Zootecnia) -- UACH. Departamento de Zootecnia aE6339RRRb05c20180413 aE6339RRRb05c20180413 aE6339RRRb05c2018041314aGanado porcinoxCrecimientoxSuplementos.913205314aGanado porcinoxEngorda.94536214aGanado porcinoxNutrición.945390 aFinding aiduhttp://10.13.5.2/tesis/sist114785.pdfzTeclea aquí aBK cLIBRO2ddc n02ddc c111246d111246 00102local4051708TESISaBCbBCcPA_TESISd2018-04-13fTESISl0oTesisp114786-10r2019-12-31 00:00:00w2019-12-31yTESIS